000 00657nam a2200205 a 4500
001 000003706
005 20200929150534.0
008 090713s1982 sp a 001 0 spa d
020 _a8472551334
040 _aDO-SdBNP
_bspa
_cBNPHU
082 _axxxx
_bL697m
245 0 3 _aEl libro de los muertos /
_cintroducción y epílogo José Manuel Álvarez Flórez ; edición R. Zendrera.
250 _a2a ed.
260 _aBarcelona :
_bVerón,
_c1982.
300 _a348 p. :
_bil. ;
_c18 cm.
440 0 _aScriba
_911312
500 _aIncluye índice
700 1 _aÁlvarez Flórez, José Manuel,
_eintrod. y epílogo
_911313
700 1 _aZendrera, R.,
_eed.
_911314
999 _c3528
_d3528